000 00393nam a2200133Ia 4500
008 151001s9999||||xx |||||||||||||| ||und||
100 _aभीमराव कुलकर्णी
245 _aसाहित्य आणि नाट्य काही समस्या
250 _a1
260 _bजोशी लोखंडे
260 _c1974
300 _a343
365 _b21
999 _c958808
_d958805